00610naa a22001697a 4500003000400000005001700004008004100021040000700062100003000069245007800099300001500177504002800192650002600220650003400246700003500280773012500315OSt20190520070354.0190516e xxu||||| |||| 00| 0 spa d cPJ aAlterini, Atilio Aníbal10aActos propios /cAtilio Aníbal Alterini, Roberto Miguel López Cabana. ap. 232-239 aBibliografía: p. 239. 0aRESPONSABILIDAD CIVIL 0aDOCTRINA DE LOS ACTOS PROPIOS aLópez Cabana, Roberto Miguel0 02857b3a. ed.dBuenos Aires : Abeledo-Perrot, 1996.o3329tEnciclopedia de la responsabilidad civil. Tomo Iz95020009460